[Event "BL 8384 Heidelberg-Delmenhorst"]
[Site "?"]
[Date "1984.??.??"]
[Round "?.3"]
[White "Juhnke, K."]
[Black "Neunhoeffer, H."]
[Result "1-0"]
[WhiteElo "2325"]
[BlackElo "2235"]
[PlyCount "74"]
[EventDate "1984.??.??"]

1. d4 Nf6 2. c4 e6 3. Nc3 Bb4 4. e3 O-O 5. Bd3 d5 6. Nf3 c5 7. O-O Nc6 8. a3
Bxc3 9. bxc3 Qc7 10. cxd5 exd5 11. Nh4 Ne7 12. g3 Bh3 13. Ng2 c4 14. Bc2 Ne4
15. Qe1 Qa5 16. Bb2 f5 17. f3 Nd6 18. Rf2 g5 19. a4 Rf6 20. Ba3 Re8 21. Qd2 Qc7
22. e4 Rg6 23. e5 Nf7 24. Ne3 Qd7 25. Bxe7 Rxe7 26. g4 Nh6 27. Nxf5 Nxf5 28.
Bxf5 Qe8 29. Re2 h5 30. e6 Reg7 31. Qe3 Rh6 32. Qe5 hxg4 33. fxg4 Rh4 34. e7
Rxg4+ 35. Bxg4 Bxg4 36. Qxd5+ Rf7 37. Qd8 Bd7 1-0

[Event "BL 8384 HSK-Heidelberg"]
[Site "?"]
[Date "1984.??.??"]
[Round "?.1"]
[White "Steinbacher, M."]
[Black "Chandler, M."]
[Result "0-1"]
[WhiteElo "2310"]
[BlackElo "2485"]
[PlyCount "95"]
[EventDate "1984.??.??"]

1. e3 g6 2. d4 Bg7 3. Nf3 Nf6 4. b3 c5 5. Bb2 cxd4 6. exd4 O-O 7. Be2 Nc6 8.
O-O d5 9. c4 Ne4 10. Nc3 Nxc3 11. Bxc3 dxc4 12. bxc4 Bg4 13. Rc1 Bxf3 14. Bxf3
Nxd4 15. Bxb7 Rb8 16. Bd5 Qb6 17. Qg4 h5 18. Qe4 e6 19. Bxd4 Qxd4 20. Qxd4 Bxd4
21. Be4 Rb2 22. Rc2 Rfb8 23. Rfc1 Rxc2 24. Bxc2 Rb2 25. a4 Bc5 26. Kf1 Ra2 27.
h4 Kf8 28. g3 Ke7 29. Ke1 Ba3 30. Bb3 Rxf2 31. Kxf2 Bxc1 32. Bd1 Kd6 33. Ke2
Ba3 34. a5 f5 35. Ba4 Ke7 36. a6 e5 37. Bc6 Kf7 38. Kf3 Be7 39. Bd7 e4+ 40. Kf2
Kf6 41. Be8 g5 42. Bxh5 gxh4 43. gxh4 Ke5 44. Kg3 f4+ 45. Kg4 f3 46. Kg3 Kd4
47. Bg4 Kxc4 48. Kf4 0-1

[Event "BL 8384 HSK-Heidelberg"]
[Site "?"]
[Date "1984.??.??"]
[Round "?.3"]
[White "Neunhoeffer, H."]
[Black "Cordes, H."]
[Result "1/2-1/2"]
[WhiteElo "2235"]
[BlackElo "2305"]
[PlyCount "100"]
[EventDate "1984.??.??"]

1. d4 d5 2. c4 e6 3. Nc3 c5 4. cxd5 exd5 5. Nf3 Nc6 6. g3 Nf6 7. Bg2 Be7 8. O-O
O-O 9. dxc5 Bxc5 10. b3 a6 11. Bb2 d4 12. Ne4 Ba7 13. Rc1 Re8 14. Nc5 Qa5 15.
Nd3 Bf5 16. a3 Rad8 17. b4 Qb5 18. Re1 Nd5 19. Qc2 Re7 20. Nh4 Be6 21. Qd2 a5
22. a4 Qxa4 23. Ra1 Qb5 24. bxa5 Nc3 25. Bxc3 dxc3 26. Qxc3 Bd4 27. Bxc6 bxc6
28. Qb4 Bxa1 29. Qxe7 Qxa5 30. Rc1 Bf6 31. Qb4 Qa2 32. Nf4 Bxh4 33. Nxe6 Qxe6
34. Qxh4 Rc8 35. e3 h6 36. Qd4 Kf8 37. Rc5 f6 38. Ra5 Kg8 39. Qc5 Qe4 40. Qa3
Kh7 41. Ra4 Qb1+ 42. Kg2 c5 43. Rc4 Qf5 44. e4 Qe5 45. Qd3 Kh8 46. Ra4 Qe6 47.
Rc4 Qe5 48. Qd7 Rc7 49. Qd5 Qxd5 50. exd5 Kg8 1/2-1/2

[Event "BL 8384 Delmenhorst-Sindelfingen"]
[Site "?"]
[Date "1984.??.??"]
[Round "?.2"]
[White "Meyer, H."]
[Black "Fahnenschmidt, G."]
[Result "1/2-1/2"]
[WhiteElo "2340"]
[BlackElo "2325"]
[PlyCount "41"]
[EventDate "1984.??.??"]

1. d4 Nf6 2. c4 e6 3. Nc3 Bb4 4. e3 c5 5. Nge2 cxd4 6. exd4 O-O 7. a3 Be7 8.
Nf4 d5 9. cxd5 Nxd5 10. Ncxd5 exd5 11. Be2 Nc6 12. Bf3 Bf6 13. Be3 Be6 14. O-O
Re8 15. Rc1 Qd6 16. Qd2 Bd8 17. Rc3 Bb6 18. Rd1 Na5 19. Nh5 Qf8 20. Be2 Bf5 21.
Rdc1 1/2-1/2

[Event "BL 8384 Delmenhorst-Sindelfingen"]
[Site "?"]
[Date "1984.??.??"]
[Round "?.3"]
[White "Ullrich, F."]
[Black "Juhnke, K."]
[Result "1/2-1/2"]
[WhiteElo "2275"]
[BlackElo "2325"]
[PlyCount "91"]
[EventDate "1984.??.??"]

1. Nf3 g6 2. c4 Bg7 3. d4 Nf6 4. g3 d6 5. Bg2 O-O 6. O-O Nc6 7. Nc3 a6 8. d5
Na5 9. Nd2 c5 10. Qc2 Rb8 11. b3 b5 12. Rb1 b4 13. Nd1 e5 14. Nb2 Nh5 15. Nd3
f5 16. e4 Nb7 17. a3 a5 18. axb4 cxb4 19. c5 Nxc5 20. Nxc5 Qc7 21. Bb2 dxc5 22.
Rfd1 Nf6 23. d6 Qxd6 24. Nc4 Qe6 25. Bxe5 Rb7 26. Bxf6 Qxf6 27. e5 Qe7 28. Nxa5
Rc7 29. f4 c4 30. Nxc4 Be6 31. Qf2 Bxc4 32. bxc4 Rb8 33. Bd5+ Kh8 34. Rb3 Bf8
35. Ra1 Qd8 36. Kg2 Bc5 37. Qb2 Rg7 38. Ra6 g5 39. Qc2 gxf4 40. Qxf5 fxg3 41.
Rxg3 Qe7 42. Rf6 Bd4 43. Rxg7 Qxg7+ 44. Kf3 b3 45. Rf7 Qh6 46. Rb7 1/2-1/2

[Event "BL 8384 Bochum-Münster"]
[Site "?"]
[Date "1984.??.??"]
[Round "?.1"]
[White "Wiemer, R."]
[Black "Schussler, H."]
[Result "1/2-1/2"]
[WhiteElo "2290"]
[BlackElo "2485"]
[PlyCount "52"]
[EventDate "1984.??.??"]

1. e4 c5 2. Nf3 Nc6 3. d4 cxd4 4. Nxd4 Nf6 5. Nc3 d6 6. Bg5 Bd7 7. Qd2 Rc8 8.
O-O-O Nxd4 9. Qxd4 Qa5 10. f4 Rxc3 11. bxc3 e5 12. Qb4 Qxb4 13. cxb4 Nxe4 14.
Bc4 Nxg5 15. fxg5 Be7 16. h4 h6 17. Rhf1 Rf8 18. gxh6 gxh6 19. Rd3 f5 20. Bd5
Bc8 21. Ra3 a6 22. Rc3 Kd8 23. h5 e4 24. a4 Bg5+ 25. Kd1 Re8 26. Rxc8+ Kxc8
1/2-1/2

[Event "BL 8384 Solingen-Enger"]
[Site "?"]
[Date "1984.??.??"]
[Round "?.4"]
[White "Lau, R."]
[Black "Fleck, J."]
[Result "1/2-1/2"]
[WhiteElo "2395"]
[BlackElo "2365"]
[PlyCount "36"]
[EventDate "1984.??.??"]

1. e4 Nf6 2. e5 Nd5 3. d4 d6 4. Nf3 Nc6 5. c4 Nb6 6. e6 fxe6 7. Nc3 g6 8. h4
Bg7 9. Be3 O-O 10. h5 e5 11. d5 Nd4 12. Nxd4 exd4 13. Bxd4 Bxd4 14. Qxd4 e5 15.
dxe6 Qf6 16. Qxf6 Rxf6 17. hxg6 hxg6 18. Ne4 Rf4 1/2-1/2

[Event "BL 8384 Solingen-Enger"]
[Site "?"]
[Date "1984.??.??"]
[Round "?.5"]
[White "Kunsztowicz, U."]
[Black "Dueball, J."]
[Result "1/2-1/2"]
[WhiteElo "2350"]
[BlackElo "2445"]
[PlyCount "34"]
[EventDate "1984.??.??"]

1. g3 e5 2. Bg2 Nf6 3. c4 c6 4. d4 exd4 5. Qxd4 d5 6. cxd5 cxd5 7. Nf3 Nc6 8.
Qa4 Bc5 9. O-O O-O 10. Bg5 h6 11. Bxf6 Qxf6 12. Nc3 Be6 13. Rad1 Rad8 14. Ne1
Bb6 15. Nd3 d4 16. Ne4 Qe7 17. Nd2 Rfe8 1/2-1/2

[Event "BL 8384 Solingen-Enger"]
[Site "?"]
[Date "1984.??.??"]
[Round "?.8"]
[White "Borngaesser, R."]
[Black "Stertenbrink, G."]
[Result "0-1"]
[WhiteElo "2340"]
[BlackElo "2225"]
[PlyCount "64"]
[EventDate "1984.??.??"]

1. e4 c5 2. Nc3 e6 3. g3 d5 4. Bg2 d4 5. Nce2 Nc6 6. d3 e5 7. f4 f6 8. Nf3 Bd6
9. O-O Nge7 10. c3 Bg4 11. h3 Be6 12. fxe5 Nxe5 13. Nf4 Bf7 14. cxd4 cxd4 15.
Nxe5 Bxe5 16. Qg4 Qd6 17. Bd2 O-O 18. a3 a5 19. Rac1 b5 20. b4 Rfc8 21. h4 Rc3
22. Bxc3 dxc3 23. Nd5 axb4 24. axb4 h5 25. Qd1 Nxd5 26. exd5 Qxb4 27. Re1 Qd4+
28. Kh1 Bxd5 29. Re4 Qf2 30. d4 Ra2 31. Qg1 Qxg2+ 32. Qxg2 Rxg2 0-1

[Event "BL 8384 Enger-Bochum"]
[Site "?"]
[Date "1984.??.??"]
[Round "?.1"]
[White "Schussler, H."]
[Black "Smejkal, J."]
[Result "0-1"]
[WhiteElo "2485"]
[BlackElo "2560"]
[PlyCount "72"]
[EventDate "1984.??.??"]

1. d4 Nf6 2. c4 g6 3. Nc3 d5 4. Nf3 Bg7 5. cxd5 Nxd5 6. e4 Nxc3 7. bxc3 c5 8.
Rb1 O-O 9. Be2 Nc6 10. d5 Ne5 11. Nxe5 Bxe5 12. Qd2 e6 13. f4 Bh8 14. c4 Re8
15. e5 f6 16. f5 exd5 17. e6 d4 18. Rb3 gxf5 19. Rg3+ Bg7 20. O-O Bxe6 21. Qh6
Qe7 22. Bd3 b5 23. Re1 Qf7 24. Rxe6 Rxe6 25. Bxf5 Re1+ 26. Kf2 Rae8 27. Qxh7+
Kf8 28. Bf4 R1e2+ 29. Kf1 Re1+ 30. Kf2 R8e2+ 31. Kf3 Re3+ 32. Kf2 R1e2+ 33. Kf1
Re1+ 34. Kf2 Rf1+ 35. Kxf1 Qxc4+ 36. Bd3 Qc1+ 0-1

[Event "BL 8384 Enger-Bochum"]
[Site "?"]
[Date "1984.??.??"]
[Round "?.2"]
[White "Podzielny, K."]
[Black "Budde, V."]
[Result "1-0"]
[WhiteElo "2405"]
[BlackElo "2355"]
[PlyCount "101"]
[EventDate "1984.??.??"]

1. c4 c5 2. g3 e6 3. Bg2 Nc6 4. Nf3 d5 5. O-O Nf6 6. d4 Be7 7. cxd5 exd5 8. Nc3
O-O 9. dxc5 Bxc5 10. Bg5 d4 11. Bxf6 Qxf6 12. Ne4 Qe7 13. Ne1 Bb6 14. Nd3 Bf5
15. Nd2 Bg4 16. Nf3 Rad8 17. a3 Rfe8 18. Re1 Bf5 19. Rc1 Be4 20. Qa4 Qf6 21.
Nd2 Bxg2 22. Kxg2 Rd7 23. Nc4 Rde7 24. Qc2 Bc7 25. b4 h5 26. h4 Nd8 27. Nd2 Bd6
28. Nf3 Ne6 29. Qb2 Rd8 30. Red1 Red7 31. Rc4 Bb8 32. Nc5 Nxc5 33. Rxc5 g6 34.
e3 a6 35. Rc2 Ba7 36. Rcd2 Qc6 37. exd4 Qd5 38. Rd3 Rc7 39. Rc3 Rxc3 40. Qxc3
Re8 41. Re1 Rxe1 42. Qxe1 Bb6 43. Qe5 Qxe5 44. dxe5 Kf8 45. Ng5 Bd4 46. e6 f6
47. Nh3 b5 48. Nf4 Ke7 49. Nxg6+ Kxe6 50. Nf4+ Kf7 51. Kf3 1-0

[Event "BL 8384 Enger-Bochum"]
[Site "?"]
[Date "1984.??.??"]
[Round "?.3"]
[White "Heinbuch, D."]
[Black "Gruen, G."]
[Result "0-1"]
[WhiteElo "2280"]
[BlackElo "2290"]
[PlyCount "72"]
[EventDate "1984.??.??"]

1. c4 e5 2. g3 Nf6 3. Bg2 c6 4. Nf3 e4 5. Nd4 d5 6. cxd5 Qxd5 7. Nb3 Qh5 8. f3
Bh3 9. O-O Nbd7 10. d4 exd3 11. Qxd3 O-O-O 12. Qc2 Bxg2 13. Kxg2 Bd6 14. Nc3
Rhe8 15. e4 g5 16. h3 Bc7 17. Nd4 Qg6 18. Ncb5 cxb5 19. Nxb5 Nd5 20. Rd1 N7b6
21. Qc5 a6 22. Nxc7 Nxc7 23. Rxd8+ Rxd8 24. Bxg5 Nd7 25. Qe3 f6 26. Bf4 Ne5 27.
Rc1 Qf7 28. a4 Rd3 29. Qc5 Nc6 30. Qb6 Rb3 31. Qf2 Ne6 32. Bd6 Qd7 33. Qc2 Qxd6
34. Qxb3 Qd2+ 35. Kf1 Qxc1+ 36. Kg2 Qd2+ 0-1

[Event "BL 8384 Enger-Bochum"]
[Site "?"]
[Date "1984.??.??"]
[Round "?.7"]
[White "Sehner, N."]
[Black "Clemens, C."]
[Result "1/2-1/2"]
[WhiteElo "2315"]
[BlackElo "2380"]
[PlyCount "80"]
[EventDate "1984.??.??"]

1. c4 f5 2. g3 Nf6 3. Bg2 g6 4. Nc3 Bg7 5. e3 O-O 6. Nge2 e5 7. O-O d6 8. d3 c6
9. b3 Be6 10. Qd2 Qe7 11. Ba3 Rd8 12. Rfd1 Nbd7 13. Rac1 Bf7 14. h3 a6 15. Kh2
Rab8 16. f4 b5 17. cxb5 axb5 18. Bb4 c5 19. Ba5 Rdc8 20. b4 cxb4 21. Bxb4 Re8
22. Re1 Rb6 23. a3 e4 24. dxe4 Nxe4 25. Bxe4 fxe4 26. Nd5 Bxd5 27. Qxd5+ Qf7
28. Red1 Qxd5 29. Rxd5 Nc5 30. Nd4 Bxd4 31. exd4 Nd3 32. Rc3 Nxb4 33. axb4 e3
34. Rc1 Ra6 35. g4 Ra2+ 36. Kg3 e2 37. Re1 Ra3+ 38. Kg2 Ree3 39. Rxd6 Rxh3 40.
Kf2 Raf3+ 1/2-1/2

[Event "BL 8384 Bamberg-Porz"]
[Site "?"]
[Date "1984.??.??"]
[Round "?.1"]
[White "Hort, V."]
[Black "Seppeur, R."]
[Result "1-0"]
[WhiteElo "2595"]
[BlackElo "2310"]
[PlyCount "73"]
[EventDate "1984.??.??"]

1. d4 c5 2. d5 d6 3. Nc3 Nf6 4. e4 g6 5. Be2 Bg7 6. Nf3 O-O 7. O-O Na6 8. Re1
Nc7 9. a4 b6 10. Bf4 Bb7 11. Bc4 Qd7 12. h3 Rad8 13. Nb5 a6 14. Nxc7 Qxc7 15.
Qe2 Qc8 16. Rad1 Rfe8 17. c3 h6 18. Bh2 Qa8 19. Rd2 Kh7 20. Nh4 Rd7 21. Red1
Rdd8 22. Rd3 Nd7 23. Re3 Bf6 24. Bg3 Ne5 25. Ba2 g5 26. Nf5 Bc8 27. Bxe5 Bxe5
28. Qh5 Bxf5 29. Qxf7+ Kh8 30. exf5 Rf8 31. Qxe7 Rde8 32. Rxe5 dxe5 33. Qd6 Qb7
34. Qxh6+ Qh7 35. Qxh7+ Kxh7 36. d6 Kg7 37. d7 1-0

[Event "BL 8384 Bamberg-Porz"]
[Site "?"]
[Date "1984.??.??"]
[Round "?.2"]
[White "Bartsch, B."]
[Black "Miles, A."]
[Result "0-1"]
[WhiteElo "2265"]
[BlackElo "2585"]
[PlyCount "74"]
[EventDate "1984.??.??"]

1. e4 c6 2. c4 d5 3. cxd5 cxd5 4. exd5 Nf6 5. Bb5+ Bd7 6. Bc4 b5 7. Bb3 Bg4 8.
f3 Bc8 9. Qe2 a6 10. Nc3 g6 11. Ne4 Bg7 12. a4 O-O 13. Nxf6+ exf6 14. Qf2 bxa4
15. Bxa4 Qxd5 16. Ne2 Bd7 17. O-O f5 18. d4 Re8 19. Rd1 Bxa4 20. Rxa4 Nd7 21.
Nc3 Qd6 22. Qg3 Qb6 23. Qf2 Rac8 24. Bf4 h6 25. h4 Kh7 26. Rda1 a5 27. Kh1 Ne5
28. Nd5 Nd3 29. Nxb6 Nxf2+ 30. Kh2 Rc2 31. d5 Nd3 32. Kh3 Rxb2 33. Bc7 Rc2 34.
d6 Be5 35. f4 Nxf4+ 36. Rxf4 Bxf4 37. Nd5 Rc3+ 0-1

[Event "BL 8384 Bamberg-Porz"]
[Site "?"]
[Date "1984.??.??"]
[Round "?.3"]
[White "Goehring, K."]
[Black "Hartmann, Wo"]
[Result "1/2-1/2"]
[WhiteElo "2355"]
[BlackElo "2290"]
[PlyCount "77"]
[EventDate "1984.??.??"]

1. d4 Nf6 2. c4 e6 3. Nc3 Bb4 4. e3 c5 5. Nge2 cxd4 6. exd4 O-O 7. a3 Be7 8.
Nf4 b6 9. Be2 Bb7 10. O-O d6 11. Be3 Nbd7 12. Rc1 Rc8 13. Re1 Qc7 14. Bf1 Qb8
15. f3 Rfd8 16. d5 e5 17. Nh3 Re8 18. Bd3 Rcd8 19. Nf2 Nf8 20. Kh1 Bc8 21. b4
Nh5 22. a4 g6 23. a5 bxa5 24. bxa5 Ba6 25. Nb5 Rd7 26. Rb1 Qa8 27. Bf1 f5 28.
Nd3 Bd8 29. Qa4 e4 30. fxe4 Rxe4 31. Bf2 Nf6 32. Nb4 Bxb5 33. cxb5 Ng4 34. Bg3
Rde7 35. Rxe4 Rxe4 36. Bxd6 Bf6 37. Qb3 Nf2+ 38. Kg1 Bd4 39. Nc2 1/2-1/2

[Event "BL 8384 Bamberg-Porz"]
[Site "?"]
[Date "1984.??.??"]
[Round "?.4"]
[White "Backwinkel, P."]
[Black "Ostermeyer, P."]
[Result "1/2-1/2"]
[WhiteElo "2330"]
[BlackElo "2450"]
[PlyCount "102"]
[EventDate "1984.??.??"]

1. e4 c5 2. Nc3 Nc6 3. g3 g6 4. Bg2 Bg7 5. d3 d6 6. Be3 Nd4 7. Qd2 Qa5 8. f4 e6
9. Nge2 Ne7 10. Nc1 Nec6 11. O-O O-O 12. Qf2 f5 13. Nd1 fxe4 14. dxe4 Ne5 15.
c3 Ng4 16. Qd2 Nc6 17. h3 Nxe3 18. Nxe3 Qc7 19. Rd1 Rd8 20. Nb3 b5 21. Kh2 Rb8
22. Qc2 b4 23. Nd2 bxc3 24. bxc3 Kh8 25. Nf3 Qe7 26. h4 Bd7 27. Rab1 Be8 28.
Rxb8 Rxb8 29. Nd2 Nd8 30. Ndc4 Nf7 31. Bh3 Bc6 32. Na5 Ba8 33. Bg2 Qc7 34. Nac4
Bc6 35. h5 gxh5 36. Bf3 h4 37. Kg2 Rg8 38. Rh1 Bf6 39. Ng4 Qe7 40. Kf2 Rg6 41.
Nce3 hxg3+ 42. Kxg3 Bg7 43. Rh5 Nh6 44. Qh2 Kg8 45. Kf2 Nxg4+ 46. Nxg4 Bxc3 47.
f5 Bd4+ 48. Ke2 exf5 49. Nh6+ Rxh6 50. Rxh6 fxe4 51. Bg4 Bb5+ 1/2-1/2

[Event "BL 8384 Bamberg-Porz"]
[Site "?"]
[Date "1984.??.??"]
[Round "?.5"]
[White "Gerusel, M."]
[Black "Treppner, G."]
[Result "1/2-1/2"]
[WhiteElo "2390"]
[BlackElo "2345"]
[PlyCount "44"]
[EventDate "1984.??.??"]

1. d4 d6 2. e4 Nf6 3. f3 e5 4. d5 Be7 5. Be3 Nh5 6. Qd2 h6 7. g3 Bg5 8. Bh3
Bxe3 9. Qxe3 Nd7 10. Ne2 Nb6 11. Bxc8 Rxc8 12. b3 c6 13. dxc6 bxc6 14. c4 O-O
15. Nbc3 d5 16. exd5 cxd5 17. Qxe5 Nf6 18. Rd1 Re8 19. Qd4 Qe7 20. c5 Rxc5 21.
Kf2 Rc6 22. Rd2 Rec8 1/2-1/2

[Event "BL 8384 Bamberg-Porz"]
[Site "?"]
[Date "1984.??.??"]
[Round "?.8"]
[White "Ruehrig, V."]
[Black "Kreutzkamp, R."]
[Result "0-1"]
[WhiteElo "2330"]
[BlackElo "2235"]
[PlyCount "72"]
[EventDate "1984.??.??"]

1. e4 c6 2. Nc3 d5 3. Nf3 Bg4 4. h3 Bh5 5. d3 e6 6. a3 Nf6 7. Qe2 Be7 8. g3
dxe4 9. dxe4 Nbd7 10. Bg2 O-O 11. O-O e5 12. Be3 Bc5 13. Bxc5 Bxf3 14. Qe3 Nxc5
15. Qxc5 Bxg2 16. Kxg2 Qd4 17. Qb4 c5 18. Qb3 c4 19. Qb4 a5 20. Qb5 Nxe4 21.
Ne2 Qc5 22. Qxb7 Nd2 23. Rfd1 Ra7 24. Qxa7 Qxa7 25. Rxd2 Qb7+ 26. Kf1 Qxb2 27.
Rdd1 Qxc2 28. Rac1 Qe4 29. Rc3 g6 30. Re3 Qh1+ 31. Ng1 Qc6 32. Rc1 Rd8 33. Rxe5
c3 34. Re2 Rd2 35. Ke1 Qg2 36. Rxc3 Rd8 0-1

[Event "BL 8384 Koblenz-Bamberg"]
[Site "?"]
[Date "1984.??.??"]
[Round "?.1"]
[White "Seppeur, R."]
[Black "Doncevic, D."]
[Result "1-0"]
[WhiteElo "2310"]
[BlackElo "2340"]
[PlyCount "75"]
[EventDate "1984.??.??"]

1. e4 c5 2. Nc3 Nc6 3. g3 g6 4. Bg2 Bg7 5. d3 d6 6. Be3 e6 7. Qd2 Qa5 8. Nge2
Nd4 9. Nc1 Ne7 10. O-O Nec6 11. f4 O-O 12. Qf2 Bd7 13. Nd1 f5 14. c3 Nb5 15. a4
Nc7 16. e5 b6 17. exd6 Ne8 18. Nb3 Qa6 19. d4 cxd4 20. Nxd4 Bxd4 21. cxd4 Nxd6
22. d5 exd5 23. Bxd5+ Nf7 24. Nc3 Rae8 25. Nb5 Nb4 26. Nc7 Qd3 27. Ra3 Qxd5 28.
Nxd5 Nxd5 29. a5 Re4 30. axb6 axb6 31. Bxb6 Rfe8 32. Qc5 Nxb6 33. Qxb6 Re2 34.
Ra7 Be6 35. Qc6 Bb3 36. Ra8 Nd8 37. Qb5 Bc2 38. Rxd8 1-0

[Event "BL 8384 Koblenz-Bamberg"]
[Site "?"]
[Date "1984.??.??"]
[Round "?.2"]
[White "Wolf, V."]
[Black "Bartsch, B."]
[Result "0-1"]
[WhiteElo "2245"]
[BlackElo "2265"]
[PlyCount "80"]
[EventDate "1984.??.??"]

1. e4 c5 2. Nf3 Nf6 3. e5 Nd5 4. d4 cxd4 5. Qxd4 e6 6. Bc4 Nc6 7. Qe4 f5 8. Qe2
Nde7 9. h4 Ng6 10. Bb5 Bc5 11. h5 Nge7 12. c3 O-O 13. Nbd2 a6 14. Bd3 b5 15. a4
b4 16. Nb3 Ba7 17. c4 Na5 18. Nxa5 Qxa5 19. b3 Bb7 20. Bb2 Bxf3 21. gxf3 Nc6
22. f4 Qc5 23. Rh2 Nd4 24. Qd1 d6 25. Kf1 dxe5 26. fxe5 Qxe5 27. Rg2 Bc5 28.
Ra2 Rad8 29. Ba1 Qf4 30. Rd2 e5 31. Be2 a5 32. Bb2 Qh4 33. Rd3 Nxe2 34. Qxe2
Rxd3 35. Qxd3 Rd8 36. Qe2 Bd4 37. Bxd4 Qxd4 38. Rg5 Qh4 39. Qe3 Qh1+ 40. Rg1
Rd1+ 0-1

[Event "BL 8384 Koblenz-Bamberg"]
[Site "?"]
[Date "1984.??.??"]
[Round "?.3"]
[White "Hartmann, Wo"]
[Black "Schulz, KJ."]
[Result "0-1"]
[WhiteElo "2290"]
[BlackElo "2330"]
[PlyCount "130"]
[EventDate "1984.??.??"]

1. e4 d5 2. exd5 Qxd5 3. Nc3 Qa5 4. Bc4 Nf6 5. d4 c6 6. Nge2 Bf5 7. Ng3 Bg6 8.
O-O e6 9. f4 Be7 10. f5 exf5 11. Qe2 Qd8 12. Be3 O-O 13. Nxf5 Nbd7 14. Bb3 Bb4
15. Bg5 Re8 16. Qf3 Bxf5 17. Qxf5 Qa5 18. Qxa5 Bxa5 19. Nd1 h6 20. Bxf6 Nxf6
21. Nf2 Bb6 22. Rfd1 c5 23. dxc5 Bxc5 24. Kf1 Re5 25. Rd3 Rae8 26. Rf3 Bd4 27.
c3 Bb6 28. Nd3 Re3 29. Rxe3 Rxe3 30. Ne1 Ng4 31. Nf3 Re7 32. Nd4 Nxh2+ 33. Kf2
Ng4+ 34. Kg3 h5 35. Rf1 g6 36. Nb5 a6 37. Na3 Re3+ 38. Rf3 Bc7+ 39. Kh4 Re4 40.
Bd5 Re7 41. Nc4 b5 42. Nd2 Kg7 43. Ne4 f5 44. Nc5 Bd6 45. Ne6+ Kf6 46. Ng5 Re1
47. Rh3 Bf4 48. Nh7+ Kg7 49. Ng5 Kf6 50. Nh7+ Ke5 51. Bf3 Ke6 52. g3 Be3 53.
Ng5+ Kf6 54. Nh7+ Kg7 55. Ng5 Kf6 56. Nh7+ Ke5 57. Bb7 Re2 58. Bxa6 Rxb2 59. c4
b4 60. Nf8 Rxa2 61. Bb5 Ra7 62. Nxg6+ Kf6 63. Nf4 b3 64. c5 b2 65. Bd3 Bxf4 0-1

[Event "BL 8384 Koblenz-Bamberg"]
[Site "?"]
[Date "1984.??.??"]
[Round "?.5"]
[White "Treppner, G."]
[Black "Trauth, M."]
[Result "1-0"]
[WhiteElo "2345"]
[BlackElo "2235"]
[PlyCount "83"]
[EventDate "1984.??.??"]

1. d4 Nf6 2. Nf3 c5 3. dxc5 Na6 4. c4 Nxc5 5. Nc3 g6 6. b4 Nce4 7. Nxe4 Nxe4 8.
Qd4 Nf6 9. Bb2 Bg7 10. g3 O-O 11. Bg2 d6 12. O-O Be6 13. Ng5 Bg4 14. Qd3 h6 15.
Nf3 Bf5 16. Qb3 Be4 17. Rfd1 b6 18. Nd4 Bxg2 19. Kxg2 Rc8 20. Rac1 d5 21. cxd5
Qxd5+ 22. Qxd5 Nxd5 23. b5 Rc5 24. Rxc5 bxc5 25. Nc6 Ne3+ 26. fxe3 Bxb2 27. Rb1
Ba3 28. Rb3 Bc1 29. Nxa7 Bd2 30. Rd3 Bb4 31. Nc6 c4 32. Rd4 Bc5 33. Rxc4 Bxe3
34. a4 f5 35. a5 g5 36. b6 f4 37. b7 fxg3 38. b8=Q gxh2 39. Qxf8+ Kxf8 40. Nd4
h5 41. a6 e5 42. a7 1-0

[Event "BL 8384 Koblenz-Bamberg"]
[Site "?"]
[Date "1984.??.??"]
[Round "?.7"]
[White "Ruehrig, V."]
[Black "Brueckner, T."]
[Result "1/2-1/2"]
[WhiteElo "2330"]
[BlackElo "2250"]
[PlyCount "117"]
[EventDate "1984.??.??"]

1. e4 e6 2. d4 d5 3. Nd2 Nf6 4. e5 Nfd7 5. Bd3 c5 6. c3 Nc6 7. Ne2 cxd4 8. cxd4
f6 9. exf6 Nxf6 10. O-O Bd6 11. Nf3 Qc7 12. Nc3 a6 13. Bg5 O-O 14. Rc1 Bd7 15.
Re1 Ng4 16. g3 h6 17. Be3 Rf6 18. Bf1 Raf8 19. Bg2 Be8 20. Ne5 Nxe3 21. Rxe3
Bxe5 22. Rxe5 Qb6 23. Na4 Qa7 24. Re3 Qxd4 25. Nc5 Rxf2 26. Qxd4 Nxd4 27. Nxe6
Nxe6 28. Bxd5 Rxb2 29. Rxe6 Bf7 30. Rf1 Rd8 31. Rxf7 Rxd5 32. Rf2 Rd1+ 33. Kg2
Rdd2 34. Rxd2 Rxd2+ 35. Kh3 Rb2 36. Re7 b5 37. a3 Ra2 38. Re3 Kf7 39. g4 Rc2
40. Kg3 Kf6 41. h4 a5 42. Rf3+ Ke5 43. Rf5+ Ke4 44. Rxb5 Rc3+ 45. Kf2 Rxa3 46.
g5 hxg5 47. Rxg5 Kf4 48. Rxg7 Ra2+ 49. Ke1 Ke3 50. Kd1 Rh2 51. Rg3+ Kf4 52. Ra3
Rxh4 53. Ra4+ Kg3 54. Rxh4 Kxh4 55. Kc2 a4 56. Kb2 a3+ 57. Ka1 a2 58. Kb2 a1=B+
59. Kb3 1/2-1/2

[Event "BL 8384 München 36-Lasker"]
[Site "?"]
[Date "1984.??.??"]
[Round "?.1"]
[White "Wockenfuss, K."]
[Black "Unzicker, W."]
[Result "1/2-1/2"]
[WhiteElo "2355"]
[BlackElo "2455"]
[PlyCount "22"]
[EventDate "1984.??.??"]

1. d4 Nf6 2. Nf3 g6 3. Nc3 d5 4. Bg5 Bg7 5. e3 O-O 6. Bd3 c5 7. O-O Nbd7 8. Rc1
b6 9. e4 dxe4 10. Nxe4 cxd4 11. Nxd4 Bb7 1/2-1/2

[Event "BL 8384 München 36-Lasker"]
[Site "?"]
[Date "1984.??.??"]
[Round "?.2"]
[White "Robatsch, K."]
[Black "Paulsen, D."]
[Result "1/2-1/2"]
[WhiteElo "2420"]
[BlackElo "2375"]
[PlyCount "28"]
[EventDate "1984.??.??"]

1. Nf3 Nf6 2. c4 c5 3. Nc3 d5 4. cxd5 Nxd5 5. g3 Nc6 6. Nxd5 Qxd5 7. Bg2 e5 8.
d3 Be7 9. O-O O-O 10. Be3 Qd6 11. Nd2 Nd4 12. Nc4 Qe6 13. Qd2 f5 14. Rae1 Bf6
1/2-1/2

[Event "BL 8384 München 36-Lasker"]
[Site "?"]
[Date "1984.??.??"]
[Round "?.3"]
[White "Cladouras, P."]
[Black "Bastian, H."]
[Result "1/2-1/2"]
[WhiteElo "2290"]
[BlackElo "2375"]
[PlyCount "20"]
[EventDate "1984.??.??"]

1. e4 e5 2. Nf3 Nc6 3. Bb5 Nf6 4. O-O Nxe4 5. Re1 Nd6 6. Bxc6 dxc6 7. Nxe5 Be7
8. d4 O-O 9. Bf4 Nf5 10. c3 Be6 1/2-1/2

[Event "BL 8384 Bayern-Braunschweig"]
[Site "?"]
[Date "1984.??.??"]
[Round "?.1"]
[White "Eng, H."]
[Black "Pfleger, He"]
[Result "1-0"]
[WhiteElo "2280"]
[BlackElo "2505"]
[PlyCount "125"]
[EventDate "1984.??.??"]

1. Nf3 Nf6 2. c4 c6 3. Nc3 d5 4. e3 g6 5. d4 Bg7 6. Be2 O-O 7. O-O dxc4 8. Bxc4
Nbd7 9. Qe2 Nb6 10. Bb3 a5 11. a4 Nbd5 12. e4 Nb4 13. Rd1 Ne8 14. Bg5 h6 15.
Be3 Nd6 16. d5 cxd5 17. e5 Nf5 18. Nxd5 Nxe3 19. Nf6+ exf6 20. Rxd8 Rxd8 21.
exf6 Bxf6 22. Qxe3 Kg7 23. Ne5 Re8 24. f4 Be6 25. Bxe6 Rxe6 26. Qc5 Nc6 27. Qb5
Nxe5 28. Qxb7 Rd8 29. fxe5 Rxe5 30. Rf1 Rd2 31. Qa6 Be7 32. Qc4 Rdd5 33. b3 h5
34. h3 h4 35. Kh1 Rf5 36. Rxf5 Rxf5 37. g4 Rf3 38. Kg2 Rg3+ 39. Kh2 Bf6 40. Qd5
Bc3 41. Qe4 f6 42. Qe7+ Kh6 43. Qf8+ Kg5 44. Qc5+ Be5 45. Qc1+ Re3+ 46. Kg2 Bf4
47. Qc5+ Re5 48. Qc4 f5 49. gxf5 Rxf5 50. b4 axb4 51. Qxb4 Bg3 52. a5 Rf2+ 53.
Kg1 Rf7 54. Qb6 Rf6 55. Qa7 Kh6 56. Kg2 g5 57. a6 Kg6 58. Qa8 Bb8 59. Qxb8 Rxa6
60. Qe8+ Kf6 61. Kf3 Ra3+ 62. Ke4 Rg3 63. Qc6+ 1-0

[Event "BL 8384 Lasker-Bayern"]
[Site "?"]
[Date "1984.??.??"]
[Round "?.1"]
[White "Pfleger, He"]
[Black "Wockenfuss, K."]
[Result "1/2-1/2"]
[WhiteElo "2505"]
[BlackElo "2355"]
[PlyCount "105"]
[EventDate "1984.??.??"]

1. d4 Nf6 2. c4 e6 3. Nf3 c5 4. e3 d5 5. Nc3 Nc6 6. a3 a6 7. dxc5 Bxc5 8. b4
Bd6 9. Bb2 O-O 10. cxd5 exd5 11. Be2 Re8 12. O-O Bg4 13. Rc1 Bc7 14. Na4 Qd6
15. g3 Ne4 16. Nc5 Nxc5 17. Rxc5 Rad8 18. Rxc6 Qxc6 19. Qd4 Qf6 20. Qxf6 gxf6
21. Bxf6 Rd6 22. Bd4 Rc6 23. Kg2 Rc2 24. Bd3 Bxf3+ 25. Kxf3 Ra2 26. Rc1 Be5 27.
Bxe5 Rxe5 28. Rc3 Re6 29. g4 Rc6 30. Rb3 Rc1 31. b5 axb5 32. Rxb5 Rd1 33. Bb1
Ra1 34. Bf5 Rxa3 35. Rxb7 Ra2 36. h4 Rf1 37. Kf4 Rfxf2+ 38. Ke5 Rfe2 39. Rb3
Ra5 40. Kf6 Ra6+ 41. Ke5 Ra5 42. Kf6 Ra6+ 43. Ke5 Rd2 44. h5 Kg7 45. g5 h6 46.
g6 Ra7 47. gxf7 Rxf7 48. Be6 Re7 49. Rb4 Rh2 50. Rg4+ Kh7 51. Kf6 Re8 52. Bxd5
Rf2+ 53. Rf4 1/2-1/2